000 01229nam a2200313 i 4500
001 184088
003 ES-MaACL
005 20250829125559.0
008 150313s1973 sp | |||| ||spa d
020 _a84-281-0255-4
080 _a37.013(091)
245 0 0 _aHistoria de la pedagogía /
_cJanine Assa ... [et al.] ; versión castellana de Prudenci Comes.
250 _a1ª ed. en lengua castellana.
260 _aBarcelona :
_bOikos-Tau,
_c1973.
300 _a1 v. (308 p.) ;
_c20 cm.
490 1 _aTratado de ciencias pedagógicas ;
_v2
500 _aÍndices.
504 _aReferencias bibliográficas.
505 8 _aContiene: 1 ;
_tLa Antigüedad /
_rpor Janine Assa. --
_tLa Edad Media /
_rpor Arnould Clausse. --
_tEl Renacimiento /
_rpor Maurice Debesse
598 _aTratado de ciencias pedagógicas / bajo la dirección de Maurice Debesse y Gaston Mialaret.
650 7 _aPedagogía-
_vHistoria
_2
_9156554
700 1 _aAssa, Janine.
_9156555
700 1 _aComes, Prudenci.
_939997
700 1 _aClausse, Arnould.
_939102
700 1 _aDebesse, Maurice.
_943120
830 0 _aTratado de ciencias pedagógicas ;
_v2
_9192029
852 _aES-MaACL
_jE-15484
_z. - enc. cart.
999 _c184088
_d184088